| 000 | 00851nam a22002657a 4500 | ||
|---|---|---|---|
| 001 | 7540 | ||
| 003 | FISKH | ||
| 005 | 20250723150438.0 | ||
| 008 | 250723b cb ||||| |||| 00| 0 eng d | ||
| 020 | _a9780688174163 | ||
| 040 |
_aFISKH _beng _cFISKH _dFISKH |
||
| 050 | _aPZ7.S68577 M | ||
| 082 | _a570 | ||
| 100 | _aSokol, Edward | ||
| 245 |
_aMeet stinky Magee / _cEdward Sokol |
||
| 260 |
_aPandan Crescent : _bTien Wah Press, _c2000. |
||
| 300 |
_a28 unnumbered pages : _bcolor illustrations ; _c29 cm |
||
| 505 | _aF | ||
| 520 | _aStinky Magee rides his magical hobbyhorse Shnoopsie to their secret land of Snaggamumfrey and has the best chocolate ice-cream sundae in the world. | ||
| 521 | 8 |
_a300
_bLexile estimate |
|
| 521 | 8 |
_aF
_bRaz-Plus |
|
| 650 |
_aImagination _vHumer _xFantasy |
||
| 942 |
_2ddc _cBK _n0 |
||
| 999 |
_c7540 _d7540 |
||